000 00543nam a2200181Ia 4500
005 20250508163332.0
008 008 250505s9999 xx 000 0 eng d
037 _aTextual
040 _aFEDL
_beng
_cFEDL
041 _aeng
_2eng
084 _a372.21, GES
_qFEDL
100 _aGesell Arnold
245 0 _aFirst five years of life : A guide to the study of the preschool child
260 _aLondon, UK
_bMethuen and Company Limited
_c1950
300 _axiii,393
942 _cTEXL
_h372.21, GES
999 _c1382393
_d1382393